Normal view
MARC view
- E. Russell Johnston, Jr
Entry Corporate Name
001 - CONTROL NUMBER
- control field: 123991
003 - CONTROL NUMBER IDENTIFIER
- control field: NUST
005 - DATE AND TIME OF LATEST TRANSACTION
- control field: 20240702171710.0
008 - FIXED-LENGTH DATA ELEMENTS
- fixed length control field: 240702|| aca||aabn | a|a d
040 ## - CATALOGING SOURCE
- Original cataloging agency: NUST
- Transcribing agency: NUST
110 ## - HEADING--CORPORATE NAME
- Corporate name or jurisdiction name as entry element: E. Russell Johnston, Jr
670 ## - SOURCE DATA FOUND
- Source citation: Work cat.: (NUST): Ferdinand P. Beer 13404, Vector Mechanics for Engineers Statics and Dynamics, 2007.
